| 000 | 00328nam a2200109Ia 4500 | ||
|---|---|---|---|
| 008 | 171211s9999 xx 000 0 und d | ||
| 245 | _aWriting: Processes, Tools & Techniques | ||
| 245 | _cNathan L. Mertens(Other Contributor) | ||
| 260 | _c2011 | ||
| 650 | _xLANGUAGES | ||
| 856 | _uhttp://down.ebook777.com/030/9781616689162.pdf | ||
| 999 |
_c349722 _d349722 |
||